<?xml version="1.0" encoding="UTF-8"?><?xml-stylesheet type="text/xsl" href="static/style.xsl"?><OAI-PMH xmlns="http://www.openarchives.org/OAI/2.0/" xmlns:xsi="http://www.w3.org/2001/XMLSchema-instance" xsi:schemaLocation="http://www.openarchives.org/OAI/2.0/ http://www.openarchives.org/OAI/2.0/OAI-PMH.xsd"><responseDate>2026-04-17T12:08:24Z</responseDate><request verb="GetRecord" identifier="oai:www.recercat.cat:10256/20459" metadataPrefix="marc">https://recercat.cat/oai/request</request><GetRecord><record><header><identifier>oai:recercat.cat:10256/20459</identifier><datestamp>2024-06-14T08:53:36Z</datestamp><setSpec>com_2072_452955</setSpec><setSpec>com_2072_2054</setSpec><setSpec>col_2072_453061</setSpec></header><metadata><record xmlns="http://www.loc.gov/MARC21/slim" xmlns:dcterms="http://purl.org/dc/terms/" xmlns:xsi="http://www.w3.org/2001/XMLSchema-instance" xmlns:doc="http://www.lyncode.com/xoai" xsi:schemaLocation="http://www.loc.gov/MARC21/slim http://www.loc.gov/standards/marcxml/schema/MARC21slim.xsd">
   <leader>00925njm 22002777a 4500</leader>
   <datafield ind2=" " ind1=" " tag="042">
      <subfield code="a">dc</subfield>
   </datafield>
   <datafield ind2=" " ind1=" " tag="720">
      <subfield code="a">Abdel Monsef, Said Ahmed Ibrahim</subfield>
      <subfield code="e">author</subfield>
   </datafield>
   <datafield ind2=" " ind1=" " tag="720">
      <subfield code="a">Renart Canalias, Jordi</subfield>
      <subfield code="e">author</subfield>
   </datafield>
   <datafield ind2=" " ind1=" " tag="720">
      <subfield code="a">Carreras Blasco, Laura</subfield>
      <subfield code="e">author</subfield>
   </datafield>
   <datafield ind2=" " ind1=" " tag="720">
      <subfield code="a">Turon Travesa, Albert</subfield>
      <subfield code="e">author</subfield>
   </datafield>
   <datafield ind2=" " ind1=" " tag="720">
      <subfield code="a">Maimí Vert, Pere</subfield>
      <subfield code="e">author</subfield>
   </datafield>
   <datafield ind2=" " ind1=" " tag="260">
      <subfield code="c">2021-04-01</subfield>
   </datafield>
   <datafield ind2=" " ind1=" " tag="520">
      <subfield code="a">The effect of environmental conditions on the fracture behaviour of two types of adhesively bonded joints (wet-aged and non-aged) is experimentally studied under mode II loading. End Loaded Split tests were performed at various temperatures (−55 °C, room temperature (RT) and 80 °C) on non-aged and aged specimens. The non-aged specimens were stored in a laboratory under controlled conditions at RT (23 °C/55 RH) while the wet-aged specimens were exposed to accelerated ageing in an environmental chamber at 70 °C/85% RH for four years. The data reduction was applied using an inverse method and two other direct methods. A good agreement between these methods is observed. The analysis of the obtained results shows that extremely long aging times considerably affect the fracture response of bonded joints under mode II (the fracture toughness of the wet-aged specimens degraded by more than 30%). Furthermore, testing at high or cryogenic temperatures has a significant effect on the fracture response. Indeed, testing at high temperatures was observed to increase the fracture toughness (this increase ranged from 8% to 80%) while cryogenic temperatures increased the brittleness of the adhesive which caused a substantial reduction (more than 25%) in the fracture toughness of the bonded joint</subfield>
   </datafield>
   <datafield ind2=" " ind1=" " tag="520">
      <subfield code="a">The first author would like to acknowledge the support of the Catalan Government (Agéncia de Gestió d’Ajuts Universitaris i de Recerca), under Grant 2017 FI_B 00100. This work has been partially funded by the Spanish Government (Ministerio de Economia y Competitividad) under contracts RTI2018-099373-B-I00 and RTI2018-097880-B-I00</subfield>
   </datafield>
   <datafield ind2=" " ind1=" " tag="520">
      <subfield code="a">Open Access funding provided thanks to the CRUE-CSIC agreement with Elsevier</subfield>
   </datafield>
   <datafield ind1="8" ind2=" " tag="024">
      <subfield code="a">http://hdl.handle.net/10256/20459</subfield>
   </datafield>
   <datafield tag="653" ind2=" " ind1=" ">
      <subfield code="a">Assaigs de materials</subfield>
   </datafield>
   <datafield tag="653" ind2=" " ind1=" ">
      <subfield code="a">Materials -- Testing</subfield>
   </datafield>
   <datafield tag="653" ind2=" " ind1=" ">
      <subfield code="a">Adhesius</subfield>
   </datafield>
   <datafield tag="653" ind2=" " ind1=" ">
      <subfield code="a">Adhesives</subfield>
   </datafield>
   <datafield tag="653" ind2=" " ind1=" ">
      <subfield code="a">Mecànica de fractura</subfield>
   </datafield>
   <datafield tag="653" ind2=" " ind1=" ">
      <subfield code="a">Fracture mechanics</subfield>
   </datafield>
   <datafield ind2="0" ind1="0" tag="245">
      <subfield code="a">Effect of environment conditioning on mode II fracture behaviour of adhesively bonded joints</subfield>
   </datafield>
</record></metadata></record></GetRecord></OAI-PMH>